<?xml version="1.0" encoding="UTF-8"?>
<collection xmlns="http://www.loc.gov/MARC21/slim">
  <record>
    <leader>00000nam  2200000   4500</leader>
    <controlfield tag="001">INLIS000000000003298</controlfield>
    <controlfield tag="005">20250303100551</controlfield>
    <datafield tag="035" ind1="#" ind2="#">
      <subfield code="a">0010-0325000014</subfield>
    </datafield>
    <controlfield tag="007">ta</controlfield>
    <controlfield tag="008">250303###########################0#ind##</controlfield>
    <datafield tag="020" ind1="#" ind2="#">
      <subfield code="a">2503-362x</subfield>
    </datafield>
    <datafield tag="082" ind1="#" ind2="#">
      <subfield code="a">304.66</subfield>
    </datafield>
    <datafield tag="084" ind1="#" ind2="#">
      <subfield code="a">304.66 BAD p</subfield>
    </datafield>
    <datafield tag="245" ind1="1" ind2="#">
      <subfield code="a">Potret Wanita Suku Bajo, Suku Sawang, dan Suku Laut di Indonesia /</subfield>
      <subfield code="c">Badan Kependudukan dan Keluarga Berencana Nasional (Penulis)</subfield>
    </datafield>
    <datafield tag="250" ind1="#" ind2="#">
      <subfield code="a">-</subfield>
    </datafield>
    <datafield tag="260" ind1="#" ind2="#">
      <subfield code="a">Jakarta :</subfield>
      <subfield code="b">Badan Kependudukan dan Keluarga Berencana Nasional,</subfield>
      <subfield code="c">2016</subfield>
    </datafield>
    <datafield tag="300" ind1="#" ind2="#">
      <subfield code="a">6 hlm :</subfield>
      <subfield code="b">ilus ;</subfield>
      <subfield code="c">23 cm</subfield>
      <subfield code="e">-</subfield>
    </datafield>
    <datafield tag="650" ind1="#" ind2="4">
      <subfield code="a">Keluarga Berencana</subfield>
    </datafield>
    <datafield tag="110" ind1=" " ind2="#">
      <subfield code="a">Badan Kependudukan dan Keluarga Berencana Nasional</subfield>
    </datafield>
    <datafield tag="520" ind1="#" ind2="#">
      <subfield code="a">Wanita dari suku yang hidup di laut terdiri dari berbagai macam suku yang mempunyai perilaku dan&#13;
adat istiadat tersendiri yang berbeda tentang perkawinan, fertilitas, keputusan mengenai usia kawin&#13;
pertama, jumlah anak ideal, preferensi seksual, metode pencegahan kehamilan, dan sebagainya, yang secara&#13;
langsung maupun tidak langsung dapat mempengaruhi pola fertilitas. Informasi tentang wanita suku yang&#13;
hidup di laut di Indonesia masih minim sehingga seringkali ‘terlupakan’ oleh pembangunan. Literatur&#13;
menunjukkan mayoritas suku laut dikenal sebagai Suku Bajo di Wakatobi, Suku Sawang di Belitung, dan&#13;
Suku Laut di Lingga, Kepulauan Riau</subfield>
    </datafield>
    <datafield tag="856" ind1="#" ind2="#">
      <subfield code="a">Perpustakaan BKKBN Pusat</subfield>
    </datafield>
  </record>
</collection>
